Charlton (Record no. 195010)
[ view plain ]
| 000 -LEADER | |
|---|---|
| fixed length control field | 00728 a2200157 4500 |
| 003 - CONTROL NUMBER IDENTIFIER | |
| control field | Nust |
| 005 - DATE AND TIME OF LATEST TRANSACTION | |
| control field | 20170207154214.0 |
| 040 ## - CATALOGING SOURCE | |
| Transcribing agency | Nust |
| 082 ## - DEWEY DECIMAL CLASSIFICATION NUMBER | |
| Classification number | 920 |
| 100 ## - MAIN ENTRY--PERSONAL NAME | |
| Personal name | Charlton |
| 245 ## - TITLE STATEMENT | |
| Title | Charlton |
| Statement of responsibility, etc. | Charlton |
| 260 ## - PUBLICATION, DISTRIBUTION, ETC. | |
| Place of publication, distribution, etc. | london |
| Name of publisher, distributor, etc. | Gritain for Penguin |
| Date of publication, distribution, etc. | 1938 |
| 300 ## - PHYSICAL DESCRIPTION | |
| Extent | 311p; |
| 505 ## - FORMATTED CONTENTS NOTE | |
| Formatted contents note | First Milestone (Page-11) Indelible Markings (page-15) Shame and Secrecy (Page-31) Tailing up and Down (Page-48) Polo Truant (Page-69) Zanzibar Ganymede’s (page-87) Adventitious Reward (Page-108) Maiden All Forlorn (Page-134) Garrison (Page-179) Over the Plain (Page-216) Femininity In Arms (page-237) Endurance and Resignation (Page-267) Death in Ibiza (Page-296) Watering and Plating (Page-303) |
| 538 ## - SYSTEM DETAILS NOTE | |
| System details note | Almirah No.134Shelf No.4 |
| 942 ## - ADDED ENTRY ELEMENTS (KOHA) | |
| Source of classification or shelving scheme | |
| Koha item type | Book |
| Withdrawn status | Lost status | Source of classification or shelving scheme | Damaged status | Not for loan | Collection code | Permanent Location | Current Location | Date acquired | Total Checkouts | Full call number | Barcode | Date last seen | Price effective from | Koha item type |
|---|---|---|---|---|---|---|---|---|---|---|---|---|---|---|
| Military College of Signals (MCS) | Military College of Signals (MCS) | 12/12/2016 | 920 CHA | MCS29323 | 12/08/2016 | 12/12/2016 | Book |
